[Event "CYCC U14"]
[Site "Ottawa CAN"]
[Date "2007.07.05"]
[Round "6"]
[White "Chamoun, Thomas"]
[Black "Nadeau, Emmanuel"]
[Result "1-0"]
[WhiteElo "1664"]
[BlackElo "1720"]
[PlyCount "47"]
[GameId "2160767910659239"]
[EventDate "2007.07.03"]
[EventType "swiss"]
[EventRounds "7"]
[EventCountry "CAN"]
[SourceTitle "EXT 2022"]
[Source "ChessBase"]
[SourceDate "2021.10.06"]
[SourceVersion "1"]
[SourceVersionDate "2021.10.06"]
[SourceQuality "1"]

1. e4 c5 2. Nc3 e6 3. g3 a6 4. Bg2 Nc6 5. f4 d6 6. Nf3 b5 7. d3 Bb7 8. O-O Nf6 9. Be3 Be7 10. h3 Qc7 11. g4 Nd7 12. Qe2 Nb6 13. f5 exf5 14. exf5 O-O 15. Qf2 Rfe8 16. g5 Rab8 17. f6 gxf6 18. gxf6 Bxf6 19. Qg3+ Kh8 20. Bg5 Bd4+ 21. Nxd4 Nd7 22. Rxf7 Rg8 23. Nd5 Nxd4 24. Qh4 1-0

[Event "CYCC U14"]
[Site "Ottawa CAN"]
[Date "2007.07.05"]
[Round "6"]
[White "Fan, Brendan"]
[Black "Wang, Jesse BJ"]
[Result "1-0"]
[WhiteElo "1914"]
[BlackElo "1793"]
[PlyCount "67"]
[GameId "2160767910659240"]
[EventDate "2007.07.03"]
[EventType "swiss"]
[EventRounds "7"]
[EventCountry "CAN"]

1. e4 c5 2. Nc3 e6 3. f4 Nc6 4. Nf3 Nge7 5. d4 cxd4 6. Nxd4 d5 7. Nxc6 bxc6 8. Be3 Ng6 9. Qd2 f5 10. exf5 exf5 11. O-O-O Be7 12. g3 O-O 13. Bg2 Be6 14. Rhe1 Bf7 15. Qd3 Qc8 16. Na4 Re8 17. Bh3 Be6 18. Bc5 Nf8 19. Bxe7 Rxe7 20. Nc5 g6 21. Re3 Qe8 22. Rde1 Qf7 23. Qa6 Qe8 24. g4 Qf7 25. gxf5 gxf5 26. Qxc6 Rc8 27. Qd6 Rce8 28. Bf1 Rd7 29. Qa6 d4 30. Re5 Rd5 31. Nxe6 Rxe5 32. Rxe5 Rxe6 33. Rxe6 Qxe6 34. Bc4 1-0

[Event "CYCC U14"]
[Site "Ottawa CAN"]
[Date "2007.07.05"]
[Round "6"]
[White "Gibson, Kevin"]
[Black "Keith-Jacques, Liam"]
[Result "1-0"]
[WhiteElo "1925"]
[BlackElo "1982"]
[PlyCount "111"]
[GameId "2160767910659241"]
[EventDate "2007.07.03"]
[EventType "swiss"]
[EventRounds "7"]
[EventCountry "CAN"]
[SourceTitle "EXT 2022"]
[Source "ChessBase"]
[SourceDate "2021.10.06"]
[SourceVersion "1"]
[SourceVersionDate "2021.10.06"]
[SourceQuality "1"]

1. d4 Nf6 2. Bg5 d5 3. Bxf6 gxf6 4. e3 Bf5 5. c4 c6 6. Nc3 Bg7 7. cxd5 cxd5 8. Qb3 Qd7 9. Qxd5 O-O 10. Qxd7 Bxd7 11. Nf3 a6 12. Bd3 Nc6 13. O-O f5 14. Nd5 e6 15. Nb6 Rad8 16. a3 Na7 17. Rac1 Bc6 18. Be2 Nc8 19. Nc4 f6 20. Na5 Ne7 21. Nxc6 Nxc6 22. Bc4 Kf7 23. Rfd1 Ne7 24. Bb3 Rc8 25. Kf1 Rxc1 26. Rxc1 Rc8 27. Rxc8 Nxc8 28. d5 e5 29. Bc2 Nd6 30. Ke2 Bh6 31. Nd2 Ke7 32. Kd3 Bg7 33. Bb3 Kd7 34. f4 Ke7 35. g3 Kd7 36. Bc2 b6 37. Nc4 e4+ 38. Kc3 Nxc4 39. Kxc4 Bf8 40. b4 Ke8 41. g4 fxg4 42. Bxe4 h6 43. Bf5 Ke7 44. Bxg4 Kd8 45. Kd4 a5 46. bxa5 bxa5 47. a4 Ba3 48. Ke4 Ke7 49. Kf5 Bc1 50. e4 Kd6 51. e5+ fxe5 52. fxe5+ Ke7 53. d6+ Kd8 54. Ke4 Bg5 55. e6 Bc1 56. e7+ 1-0

[Event "CYCC U14"]
[Site "Ottawa CAN"]
[Date "2007.07.05"]
[Round "6"]
[White "Huang, Richard"]
[Black "Calugar, Arthur"]
[Result "0-1"]
[WhiteElo "1984"]
[BlackElo "2076"]
[PlyCount "96"]
[GameId "2160767910659242"]
[EventDate "2007.07.03"]
[EventType "swiss"]
[EventRounds "7"]
[EventCountry "CAN"]
[SourceTitle "EXT 2022"]
[Source "ChessBase"]
[SourceDate "2021.10.06"]
[SourceVersion "1"]
[SourceVersionDate "2021.10.06"]
[SourceQuality "1"]

1. Nf3 Nf6 2. g3 g6 3. Bg2 Bg7 4. O-O O-O 5. c4 d5 6. d4 dxc4 7. Na3 c3 8. bxc3 Nc6 9. Nc4 Nd5 10. Bb2 f5 11. e3 h6 12. Nce5 Nxe5 13. Nxe5 Kh7 14. Qe2 Nb6 15. Rac1 c6 16. f4 Nd7 17. c4 Nxe5 18. fxe5 Qc7 19. Ba3 b6 20. Qc2 Rd8 21. Rfd1 Rb8 22. Qc3 c5 23. Bb2 cxd4 24. exd4 Ba6 25. Qb4 Rdc8 26. Ba3 Bf8 27. Bf1 Bb7 28. Qb3 Rd8 29. Bg2 Bxg2 30. Kxg2 Bg7 31. Qe3 h5 32. Qf3 Rd7 33. Bb2 Rbd8 34. Qe2 e6 35. Kg1 Qb7 36. Rd3 Qe4 37. Re3 Qc6 38. Rd3 b5 39. Rb3 bxc4 40. Qxc4 Qe4 41. Qxe6 Bh6 42. Rc6 Be3+ 43. Rxe3 Qxe3+ 44. Kf1 Rg7 45. Qc4 Qf3+ 46. Kg1 Rb8 47. Rc7 Qd1+ 48. Kg2 Rxb2+ 0-1

[Event "CYCC U14"]
[Site "Ottawa CAN"]
[Date "2007.07.05"]
[Round "6"]
[White "Hum, Jeffrey"]
[Black "Shaikh, Zeeshan"]
[Result "0-1"]
[WhiteElo "1133"]
[BlackElo "1337"]
[PlyCount "46"]
[GameId "2160767910659243"]
[EventDate "2007.07.03"]
[EventType "swiss"]
[EventRounds "7"]
[EventCountry "CAN"]
[SourceTitle "EXT 2022"]
[Source "ChessBase"]
[SourceDate "2021.10.06"]
[SourceVersion "1"]
[SourceVersionDate "2021.10.06"]
[SourceQuality "1"]

1. e4 e5 2. Nf3 Nc6 3. Bc4 Bc5 4. d3 Nf6 5. Ng5 d5 6. O-O dxe4 7. dxe4 Bg4 8. Qxd8+ Rxd8 9. Be3 Bxe3 10. fxe3 h6 11. Nf3 Nxe4 12. b4 Nxb4 13. Na3 O-O 14. Nxe5 Be2 15. Rfe1 Rd2 16. Rab1 Nxc2 17. Nxc2 Rxc2 18. a3 Re8 19. Nf3 Bxf3 20. gxf3 Nd2 21. Rbc1 Nxf3+ 22. Kf1 Rxh2 23. Red1 Rxe3 0-1

[Event "CYCC U14"]
[Site "Ottawa CAN"]
[Date "2007.07.05"]
[Round "6"]
[White "Jankiewicz, Skyler"]
[Black "Parker, Dylan"]
[Result "0-1"]
[WhiteElo "1295"]
[BlackElo "1434"]
[PlyCount "108"]
[GameId "2160767910659244"]
[EventDate "2007.07.03"]
[EventType "swiss"]
[EventRounds "7"]
[EventCountry "CAN"]
[SourceTitle "EXT 2022"]
[Source "ChessBase"]
[SourceDate "2021.10.06"]
[SourceVersion "1"]
[SourceVersionDate "2021.10.06"]
[SourceQuality "1"]

1. e4 e5 2. Nf3 Nc6 3. d4 exd4 4. Nxd4 Bc5 5. Nxc6 Qf6 6. Be3 Bxe3 7. fxe3 dxc6 8. Nc3 Be6 9. Qd4 b6 10. Qxf6 Nxf6 11. O-O-O O-O 12. Bd3 a5 13. a3 b5 14. b4 axb4 15. axb4 Ra3 16. Kb2 Rfa8 17. Ra1 Rxa1 18. Rxa1 Rxa1 19. Kxa1 Ng4 20. Nd1 Nxh2 21. Be2 Ng4 22. Bxg4 Bxg4 23. Nf2 Be2 24. Kb2 Bf1 25. g3 Kf8 26. Kc3 Ke7 27. Kd4 Kd6 28. e5+ Ke6 29. Ne4 Kf5 30. Nc5 Kg4 31. Na6 Kxg3 32. Nxc7 h5 33. e6 fxe6 34. Nxe6 h4 35. Ng5 h3 36. Nxh3 Kxh3 37. Ke5 g5 38. Kd6 g4 39. e4 g3 40. e5 Bc4 41. e6 Bxe6 42. Kxe6 g2 43. Kd6 g1=Q 44. Kxc6 Qg2+ 45. Kxb5 Qxc2 46. Kb6 Qg6+ 47. Ka5 Qc6 48. b5 Qb7 49. Kb4 Kg4 50. Kc5 Qc7+ 51. Kb4 Kf5 52. Ka4 Ke5 53. Kb3 Kd6 54. Kb4 Kd5 0-1

[Event "CYCC U14"]
[Site "Ottawa CAN"]
[Date "2007.07.05"]
[Round "6"]
[White "Labrador, Jhoyner"]
[Black "Izquierdo, Felipe"]
[Result "1-0"]
[WhiteElo "1533"]
[BlackElo "1375"]
[PlyCount "33"]
[GameId "2160767910659246"]
[EventDate "2007.07.03"]
[EventType "swiss"]
[EventRounds "7"]
[EventCountry "CAN"]
[SourceTitle "EXT 2022"]
[Source "ChessBase"]
[SourceDate "2021.10.06"]
[SourceVersion "1"]
[SourceVersionDate "2021.10.06"]
[SourceQuality "1"]

1. e4 e5 2. Nf3 Nc6 3. Bb5 Nf6 4. O-O a6 5. Ba4 d5 6. Nxe5 Bd7 7. Nxd7 Qxd7 8. exd5 Nxd5 9. Re1+ Be7 10. Nc3 Nf6 11. d4 Qxd4 12. Bxc6+ bxc6 13. Qxd4 Rd8 14. Qe5 Rd7 15. Bg5 Ng4 16. Qe4 f5 17. Qxc6 1-0

[Event "CYCC U14"]
[Site "Ottawa CAN"]
[Date "2007.07.05"]
[Round "6"]
[White "MacKinnon, Keith"]
[Black "Prysiazny, Michael"]
[Result "1-0"]
[WhiteElo "1994"]
[BlackElo "1648"]
[PlyCount "89"]
[GameId "2160767910659247"]
[EventDate "2007.07.03"]
[EventType "swiss"]
[EventRounds "7"]
[EventCountry "CAN"]
[SourceTitle "EXT 2022"]
[Source "ChessBase"]
[SourceDate "2021.10.06"]
[SourceVersion "1"]
[SourceVersionDate "2021.10.06"]
[SourceQuality "1"]

1. e4 e5 2. Nf3 Nc6 3. Bb5 a6 4. Bxc6 dxc6 5. O-O Bd6 6. d4 Bg4 7. c3 Qe7 8. h3 Bh5 9. Re1 O-O-O 10. Nbd2 Nf6 11. Qc2 Nd7 12. Qd3 Nb6 13. a4 g5 14. a5 Nd7 15. Nf1 g4 16. hxg4 Bxg4 17. Ne3 Rhg8 18. Nxg4 Rxg4 19. Nxe5 Nxe5 20. dxe5 Bxe5 21. Qh3 Qe6 22. f3 Rg6 23. Qxe6+ fxe6 24. f4 Bd6 25. Be3 Rf8 26. Rf1 h5 27. Rf2 Rg3 28. Re1 h4 29. Kh2 Rfg8 30. Ree2 c5 31. e5 Be7 32. f5 exf5 33. Rxf5 Rf8 34. Rxf8+ Bxf8 35. Bf2 Rg4 36. Kh3 Ra4 37. Bxh4 Rxa5 38. e6 Rb5 39. e7 Bxe7 40. Bxe7 c4 41. g4 Rb6 42. g5 Rg6 43. Kg4 b6 44. Kf5 Rxg5+ 45. Bxg5 1-0

[Event "CYCC U14"]
[Site "Ottawa CAN"]
[Date "2007.07.05"]
[Round "6"]
[White "Mai, Lloyd"]
[Black "Sapozhnikov, Roman"]
[Result "1/2-1/2"]
[WhiteElo "2270"]
[BlackElo "2200"]
[PlyCount "74"]
[GameId "2160767910659248"]
[EventDate "2007.07.03"]
[EventType "swiss"]
[EventRounds "7"]
[EventCountry "CAN"]
[SourceTitle "EXT 2022"]
[Source "ChessBase"]
[SourceDate "2021.10.06"]
[SourceVersion "1"]
[SourceVersionDate "2021.10.06"]
[SourceQuality "1"]

1. e4 c5 2. Nf3 Nc6 3. d4 cxd4 4. Nxd4 g6 5. Be3 Nf6 6. Nc3 Bg7 7. Be2 O-O 8. O-O d6 9. Nb3 Be6 10. f4 a5 11. f5 Bd7 12. Nd2 Ne5 13. Nc4 Nxc4 14. Bxc4 Bc6 15. Bd4 Nd7 16. Bxg7 Kxg7 17. Kh1 Ne5 18. Qd4 f6 19. Bd5 g5 20. Ne2 Kh8 21. Qd2 Bxd5 22. exd5 Qd7 23. Nd4 Rac8 24. b3 b5 25. c3 Rb8 26. Ne6 Rg8 27. Rac1 Rbc8 28. Rfe1 h6 29. Re3 Rg7 30. Nxg7 Kxg7 31. Qe2 Rc5 32. g4 Rxd5 33. Rd1 Qc6 34. Kg1 Rxd1+ 35. Qxd1 Qc5 36. Qd4 Qa3 37. Qd2 Qc5 1/2-1/2

[Event "CYCC U14"]
[Site "Ottawa CAN"]
[Date "2007.07.05"]
[Round "6"]
[White "Martchenko, Alexander"]
[Black "Jiang, Louie"]
[Result "0-1"]
[WhiteElo "2156"]
[BlackElo "2225"]
[PlyCount "114"]
[GameId "2160767910659249"]
[EventDate "2007.07.03"]
[EventType "swiss"]
[EventRounds "7"]
[EventCountry "CAN"]
[SourceTitle "EXT 2022"]
[Source "ChessBase"]
[SourceDate "2021.10.06"]
[SourceVersion "1"]
[SourceVersionDate "2021.10.06"]
[SourceQuality "1"]

1. e4 c5 2. Nf3 d6 3. d4 cxd4 4. Nxd4 Nf6 5. Nc3 a6 6. Bg5 e6 7. f4 Be7 8. Qf3 Qc7 9. O-O-O Nc6 10. Qg3 h6 11. Bxf6 Bxf6 12. Nxc6 bxc6 13. e5 dxe5 14. Ne4 Kf8 15. Nxf6 gxf6 16. fxe5 fxe5 17. Qh4 Ke8 18. Qf6 Rf8 19. Bc4 a5 20. Rhe1 Qe7 21. Qxh6 Qb4 22. Qd2 Qxd2+ 23. Rxd2 f6 24. Rd6 Ke7 25. Red1 Rh8 26. Rxc6 Ra7 27. h3 Rg8 28. g4 Rh8 29. Bf1 f5 30. Rc5 e4 31. Re1 Kd6 32. Rc3 Ke5 33. Bg2 Rd7 34. Rce3 Bb7 35. Ra3 Rd5 36. Rc3 Rh7 37. Rce3 Rd4 38. c3 Ra4 39. Kb1 f4 40. b3 fxe3 41. Rxe3 Kf4 42. Re2 e3 43. bxa4 Bxg2 44. Rxg2 Kf3 45. Rg1 e2 46. Kc2 Kf2 47. Rh1 e1=Q 48. Rxe1 Kxe1 49. c4 Rxh3 50. c5 Rh4 51. c6 Rxg4 52. Kd3 Kf2 53. a3 Kf3 54. c7 Rg8 55. Kd4 Kf4 56. Kc5 e5 57. Kb6 e4 0-1

[Event "CYCC U14"]
[Site "Ottawa CAN"]
[Date "2007.07.05"]
[Round "6"]
[White "Rakov, Pavel"]
[Black "Sundar, Avinaash"]
[Result "0-1"]
[WhiteElo "1892"]
[BlackElo "2081"]
[PlyCount "66"]
[GameId "2160767910659250"]
[EventDate "2007.07.03"]
[EventType "swiss"]
[EventRounds "7"]
[EventCountry "CAN"]

1. e4 c5 2. Nf3 d6 3. d4 cxd4 4. Nxd4 Nf6 5. Nc3 g6 6. Be3 Bg7 7. f3 Nc6 8. Qd2 O-O 9. O-O-O d5 10. exd5 Nxd5 11. Nxc6 bxc6 12. Bd4 e5 13. Bc5 Be6 14. Ne4 Rb8 15. Bxf8 Qxf8 16. Qa5 f5 17. Nc5 e4 18. c3 Bh6+ 19. Kb1 Qf6 20. Rxd5 Bxd5 21. Qxa7 Qd6 22. fxe4 Bxe4+ 23. Bd3 Bxd3+ 24. Ka1 Be3 25. Ne4 Bxe4 26. Qxe3 c5 27. Rg1 Qb6 28. Qe2 Qe6 29. Re1 Ra8 30. a3 Qb3 31. Rc1 Bd5 32. c4 Be4 33. Rc3 Rxa3+ 0-1

[Event "CYCC U14"]
[Site "Ottawa CAN"]
[Date "2007.07.05"]
[Round "6"]
[White "Raymer, Elliot"]
[Black "Green, Aaron"]
[Result "1-0"]
[WhiteElo "1827"]
[BlackElo "1510"]
[PlyCount "75"]
[GameId "2160767910659251"]
[EventDate "2007.07.03"]
[EventType "swiss"]
[EventRounds "7"]
[EventCountry "CAN"]
[SourceTitle "EXT 2022"]
[Source "ChessBase"]
[SourceDate "2021.10.06"]
[SourceVersion "1"]
[SourceVersionDate "2021.10.06"]
[SourceQuality "1"]

1. e4 c5 2. d4 cxd4 3. c3 d3 4. Bxd3 Nc6 5. Nf3 d6 6. h3 Nf6 7. O-O e6 8. Qe2 Be7 9. Rd1 O-O 10. e5 Ne8 11. exd6 Bxd6 12. Ng5 g6 13. Ne4 Qc7 14. Bh6 Bd7 15. Bxf8 Bxf8 16. Nbd2 Rd8 17. Nf3 Bg7 18. Bb5 Bf8 19. Bxc6 Bxc6 20. Rxd8 Qxd8 21. Rd1 Qb6 22. b4 a5 23. a3 axb4 24. axb4 h6 25. Ne5 Bxe4 26. Qxe4 Nf6 27. Qf4 Bg7 28. Nd7 Qd8 29. Nxf6+ Qxf6 30. Qxf6 Bxf6 31. c4 Bc3 32. b5 Bb4 33. Rd7 b6 34. Rb7 Bc5 35. Rc7 Bd4 36. c5 bxc5 37. b6 c4 38. b7 1-0

[Event "CYCC U14"]
[Site "Ottawa CAN"]
[Date "2007.07.05"]
[Round "6"]
[White "Wang, Jerry ZS"]
[Black "Blair, Michael"]
[Result "1/2-1/2"]
[WhiteElo "1577"]
[BlackElo "1470"]
[PlyCount "128"]
[GameId "2160767910659252"]
[EventDate "2007.07.03"]
[EventType "swiss"]
[EventRounds "7"]
[EventCountry "CAN"]
[SourceTitle "EXT 2022"]
[Source "ChessBase"]
[SourceDate "2021.10.06"]
[SourceVersion "1"]
[SourceVersionDate "2021.10.06"]
[SourceQuality "1"]

1. e4 Nc6 2. d4 d5 3. exd5 Qxd5 4. Nf3 Bg4 5. Be2 O-O-O 6. Be3 e5 7. O-O Bxf3 8. Bxf3 e4 9. Nc3 Qd7 10. d5 Nce7 11. Bxe4 Nf6 12. Qf3 Nxe4 13. Nxe4 Qxd5 14. Rfd1 Qf5 15. Qxf5+ Nxf5 16. Rxd8+ Kxd8 17. Bxa7 b6 18. a4 Kc8 19. a5 Kb7 20. axb6 cxb6 21. c4 Nd4 22. Rd1 Nc6 23. Rd7+ Ka6 24. Bxb6 Kxb6 25. Rxf7 Rg8 26. Ng5 h6 27. Ne6 Bb4 28. Rxg7 Re8 29. Rg6 Kb7 30. f4 Rh8 31. f5 Ne5 32. Rg7+ Kc6 33. b3 Bc5+ 34. Kf1 Bd6 35. h3 Bf8 36. Rc7+ Kb6 37. Rc8 Bg7 38. Rc5 Bf6 39. Ke2 Nd7 40. Rc7 Ne5 41. b4 Bd8 42. c5+ Kb5 43. Rb7+ Kc6 44. Rb8 Bf6 45. Rb6+ Kd7 46. b5 Nc4 47. c6+ Kd6 48. Rb7 Ne5 49. c7 Nd7 50. Ra7 Rc8 51. Ra6+ Kd5 52. Kd2 h5 53. g4 hxg4 54. hxg4 Be7 55. Ke2 Nc5 56. Nxc5 Kxc5 57. b6 Kc6 58. Kf3 Bg5 59. Ra2 Kxb6 60. Rb2+ Kc6 61. Rc2+ Kd5 62. Rc3 Ke5 63. Rc5+ Kd6 64. Rc3 Kd5 1/2-1/2

[Event "CYCC U14"]
[Site "Ottawa CAN"]
[Date "2007.07.05"]
[Round "6"]
[White "Wu, Yilun"]
[Black "Poulin, Mathieu"]
[Result "0-1"]
[WhiteElo "1715"]
[BlackElo "1107"]
[PlyCount "116"]
[GameId "2160767910659253"]
[EventDate "2007.07.03"]
[EventType "swiss"]
[EventRounds "7"]
[EventCountry "CAN"]
[SourceTitle "EXT 2022"]
[Source "ChessBase"]
[SourceDate "2021.10.06"]
[SourceVersion "1"]
[SourceVersionDate "2021.10.06"]
[SourceQuality "1"]

1. c4 e6 2. Nc3 Nf6 3. Nf3 Be7 4. g3 d5 5. cxd5 exd5 6. Bg2 c6 7. d4 O-O 8. O-O Bf5 9. h3 Ne4 10. Nd2 Nxd2 11. Bxd2 Nd7 12. Bf4 Nf6 13. Qb3 Qd7 14. Kh2 Ne4 15. Nxe4 Bxe4 16. f3 Bf5 17. e4 Be6 18. e5 b6 19. g4 c5 20. dxc5 bxc5 21. Rfd1 Rab8 22. Qc2 Qb5 23. b3 Qb4 24. Bd2 Qd4 25. Kg3 Qxe5+ 26. f4 Qd6 27. Bc3 d4 28. b4 Bh4+ 29. Kxh4 Qxf4 30. Rf1 Qh6+ 31. Kg3 Qe3+ 32. Rf3 Qe5+ 33. Kf2 dxc3 34. Qxc3 Qxc3 35. Rxc3 cxb4 36. Rc7 a5 37. Ra7 Rb5 38. Bf1 Rc5 39. Ke3 Rc3+ 40. Kd4 Rd8+ 41. Ke5 Ra3 42. Bg2 Kf8 43. Be4 h6 44. h4 Rd7 45. Ra8+ Ke7 46. Bc6 f6+ 47. Ke4 Rc7 48. Bb5 Bxg4 49. Re8+ Kf7 50. Kd4 Bd7 51. Rb8 Bxb5 52. Rxb5 Rc2 53. Rb7+ Kg8 54. h5 Raxa2 55. Rg1 Rg2 56. Rc1 Rad2+ 57. Kc4 Rg5 58. Re1 Ra2 0-1

[Event "CYCC U14"]
[Site "Ottawa CAN"]
[Date "2007.07.06"]
[Round "7"]
[White "Calugar, Arthur"]
[Black "Gibson, Kevin"]
[Result "1-0"]
[WhiteElo "2076"]
[BlackElo "1925"]
[PlyCount "93"]
[GameId "2160767910659255"]
[EventDate "2007.07.03"]
[EventType "swiss"]
[EventRounds "7"]
[EventCountry "CAN"]
[SourceTitle "EXT 2022"]
[Source "ChessBase"]
[SourceDate "2021.10.06"]
[SourceVersion "1"]
[SourceVersionDate "2021.10.06"]
[SourceQuality "1"]

1. Nf3 d5 2. b3 Nf6 3. Bb2 g6 4. e3 Bg7 5. d4 O-O 6. Bd3 Bg4 7. h3 Bxf3 8. Qxf3 c6 9. Nd2 Nbd7 10. O-O Re8 11. Qf4 Qb8 12. Qxb8 Raxb8 13. f4 Rbc8 14. Nf3 Ne4 15. g4 f5 16. Kh2 e6 17. Rac1 Bf8 18. c4 a6 19. gxf5 exf5 20. Ne5 Nxe5 21. dxe5 Kf7 22. Kg2 Ke6 23. Rfd1 Be7 24. Rc2 Red8 25. Bd4 Ba3 26. Bb6 Re8 27. Bxe4 fxe4 28. Rcd2 Bb4 29. Rd4 Kf5 30. cxd5 cxd5 31. Rxb4 Rc2+ 32. Kg3 g5 33. fxg5 Kxg5 34. Rxd5 Rf8 35. e6+ Kh6 36. Rxe4 Rff2 37. e7 Rg2+ 38. Kf4 Rcf2+ 39. Ke5 Rg5+ 40. Kd6 Rf6+ 41. Re6 Rxd5+ 42. Kxd5 Rxe6 43. Kxe6 a5 44. e8=Q a4 45. Kf5 a3 46. Qg8 Kh5 47. Qg5# 1-0

[Event "CYCC U14"]
[Site "Ottawa CAN"]
[Date "2007.07.06"]
[Round "7"]
[White "Green, Aaron"]
[Black "Hum, Jeffrey"]
[Result "1-0"]
[WhiteElo "1510"]
[BlackElo "1133"]
[PlyCount "103"]
[GameId "2160767910659256"]
[EventDate "2007.07.03"]
[EventType "swiss"]
[EventRounds "7"]
[EventCountry "CAN"]
[SourceTitle "EXT 2022"]
[Source "ChessBase"]
[SourceDate "2021.10.06"]
[SourceVersion "1"]
[SourceVersionDate "2021.10.06"]
[SourceQuality "1"]

1. e4 e5 2. Nf3 Nc6 3. Bb5 Nf6 4. Bxc6 dxc6 5. d3 Bg4 6. h3 Bxf3 7. Qxf3 Bc5 8. Be3 b6 9. Bxc5 bxc5 10. Nd2 O-O 11. Nc4 Re8 12. O-O Qd4 13. Qe3 Re6 14. Qxd4 exd4 15. f4 Nd7 16. g4 Rf8 17. h4 f6 18. Rf2 h6 19. Raf1 g6 20. f5 gxf5 21. gxf5 Re7 22. Rg2+ Kh8 23. Rg6 h5 24. Kf2 Rg8 25. Rxg8+ Kxg8 26. Rg1+ Kf8 27. Rg6 Kf7 28. Rh6 Re8 29. Rh7+ Kf8 30. Rxd7 Re7 31. Rxe7 Kxe7 32. Kf3 a5 33. Nxa5 c4 34. Nxc6+ Kd6 35. Nxd4 Ke5 36. Ne6 c5 37. a4 c3 38. bxc3 c4 39. a5 Kd6 40. a6 Kc6 41. Nc5 Kb6 42. e5 Kxc5 43. a7 Kb6 44. a8=Q Kc5 45. exf6 Kd6 46. Qe4 Kc5 47. Qxc4+ Kd6 48. f7 Ke7 49. Qe6+ Kf8 50. Qe8+ Kg7 51. f8=Q+ Kh7 52. Qef7# 1-0

[Event "CYCC U14"]
[Site "Ottawa CAN"]
[Date "2007.07.06"]
[Round "7"]
[White "Izquierdo, Felipe"]
[Black "Shaikh, Zeeshan"]
[Result "0-1"]
[WhiteElo "1375"]
[BlackElo "1337"]
[PlyCount "61"]
[GameId "2160767910659257"]
[EventDate "2007.07.03"]
[EventType "swiss"]
[EventRounds "7"]
[EventCountry "CAN"]
[SourceTitle "EXT 2022"]
[Source "ChessBase"]
[SourceDate "2021.10.06"]
[SourceVersion "1"]
[SourceVersionDate "2021.10.06"]
[SourceQuality "1"]

1. e4 e5 2. Nf3 Nc6 3. Bb5 a6 4. Ba4 b5 5. Bb3 Nf6 6. Nc3 Bb4 7. O-O Bb7 8. Re1 O-O 9. a3 Bc5 10. Nd5 Ng4 11. c3 Bxf2+ 12. Kf1 Bxe1 13. Nxe1 Nxh2+ 14. Kg1 Qh4 15. Nf3 Nxf3+ 16. Qxf3 Na5 17. Ba2 Rfe8 18. d3 c6 19. Ne3 Qe1+ 20. Kh2 Kh8 21. Nf5 c5 22. Nh6 Qh4+ 23. Kg1 gxh6 24. g3 Rg8 25. Kf2 Qh2+ 26. Kf1 Rxg3 27. Qf6+ Kg8 28. Be3 Rxe3 29. Re1 Qh3+ 30. Kf2 Qg3+ 31. Kf1 0-1

[Event "CYCC U14"]
[Site "Ottawa CAN"]
[Date "2007.07.06"]
[Round "7"]
[White "Jiang, Louie"]
[Black "Mai, Lloyd"]
[Result "1-0"]
[WhiteElo "2225"]
[BlackElo "2270"]
[PlyCount "109"]
[GameId "2160767910659258"]
[EventDate "2007.07.03"]
[EventType "swiss"]
[EventRounds "7"]
[EventCountry "CAN"]
[SourceTitle "EXT 2022"]
[Source "ChessBase"]
[SourceDate "2021.10.06"]
[SourceVersion "1"]
[SourceVersionDate "2021.10.06"]
[SourceQuality "1"]

1. e4 c5 2. Nf3 d6 3. d4 cxd4 4. Nxd4 Nf6 5. Nc3 g6 6. Be3 Bg7 7. f3 O-O 8. Qd2 Nc6 9. O-O-O d5 10. Kb1 Rb8 11. Ndb5 a6 12. Na7 e6 13. g4 Ne5 14. Nxc8 Qxc8 15. exd5 Nxf3 16. Qe2 Ne5 17. Bf4 Nfd7 18. dxe6 fxe6 19. Rxd7 Qxd7 20. Bxe5 Bxe5 21. Qxe5 b5 22. Bh3 Qg7 23. Qxe6+ Kh8 24. Re1 Rf6 25. Qe5 Rbf8 26. Ne4 Rf4 27. Qxg7+ Kxg7 28. Nc5 Kh8 29. Nd3 Rd4 30. Kc1 Rc8 31. Kd2 Rdc4 32. c3 a5 33. g5 R8c7 34. Re8+ Kg7 35. Be6 h5 36. Bxc4 Rxc4 37. Ke3 Rh4 38. Nf2 b4 39. Re4 bxc3 40. bxc3 Rxh2 41. Kf3 h4 42. Rg4 Kf7 43. Rg1 Ke6 44. c4 a4 45. Rg2 Rxg2 46. Kxg2 Kf5 47. Kf3 Kxg5 48. Ke4 Kf6 49. c5 Ke6 50. Nh3 Kf6 51. Kd5 g5 52. c6 g4 53. c7 gxh3 54. c8=Q h2 55. Qh3 1-0

[Event "CYCC U14"]
[Site "Ottawa CAN"]
[Date "2007.07.06"]
[Round "7"]
[White "Labonte, Cameron"]
[Black "Jankiewicz, Skyler"]
[Result "0-1"]
[WhiteElo "1048"]
[BlackElo "1295"]
[PlyCount "66"]
[GameId "2160767910659260"]
[EventDate "2007.07.03"]
[EventType "swiss"]
[EventRounds "7"]
[EventCountry "CAN"]
[SourceTitle "EXT 2022"]
[Source "ChessBase"]
[SourceDate "2021.10.06"]
[SourceVersion "1"]
[SourceVersionDate "2021.10.06"]
[SourceQuality "1"]

1. d4 d6 2. c3 e5 3. d5 c6 4. e4 cxd5 5. exd5 Nf6 6. Nf3 Be7 7. c4 O-O 8. Nc3 b6 9. Nh4 e4 10. h3 h6 11. g4 g5 12. Nf5 Bxf5 13. gxf5 Qd7 14. Qg4 Nxg4 15. hxg4 Na6 16. Nxe4 Nb4 17. f6 Nc2+ 18. Kd1 Qxg4+ 19. Be2 Qxe4 20. Be3 Qxh1+ 21. Kxc2 Qxa1 22. a3 Bxf6 23. Bc1 Rfe8 24. Bf1 Re1 25. Kb3 Rxf1 26. Bd2 Qxb2+ 27. Ka4 Rb8 28. Bb4 Bc3 29. f3 Bxb4 30. Kb5 Bc5+ 31. Kc6 Qe2 32. Kc7 Qe8 33. f4 Qc8# 0-1

[Event "CYCC U14"]
[Site "Ottawa CAN"]
[Date "2007.07.06"]
[Round "7"]
[White "Parker, Dylan"]
[Black "Wang, Jerry ZS"]
[Result "1/2-1/2"]
[WhiteElo "1434"]
[BlackElo "1577"]
[PlyCount "61"]
[GameId "2160767910659261"]
[EventDate "2007.07.03"]
[EventType "swiss"]
[EventRounds "7"]
[EventCountry "CAN"]
[SourceTitle "EXT 2022"]
[Source "ChessBase"]
[SourceDate "2021.10.06"]
[SourceVersion "1"]
[SourceVersionDate "2021.10.06"]
[SourceQuality "1"]

1. e4 e5 2. Nf3 Nc6 3. Nc3 Nf6 4. Bb5 Bb4 5. O-O d6 6. Nd5 Bc5 7. d4 exd4 8. Bg5 Bd7 9. Bxf6 gxf6 10. Bxc6 Bxc6 11. Nxd4 Bxd5 12. exd5 h5 13. Re1+ Kd7 14. Qf3 Kc8 15. Qf5+ Kb8 16. Nb3 Bb6 17. Re4 a6 18. Rh4 Rh6 19. Rxh5 Rg6 20. Re1 Qg8 21. Qh3 Ka7 22. g3 Re8 23. Qf1 Rf8 24. Qd3 Re8 25. Qf1 Rf8 26. Re7 Rg4 27. Qh3 Qg6 28. Re2 f5 29. Rh4 Rg5 30. Rf4 Rh5 31. Rh4 1/2-1/2